Lược sử Đông Nam á
Đông Nam á như một khu vực địa lý, văn hoá, lịch sử. Thời kỳ hình thành và phát triển các quốc gia phong kiến dân tộc, thời kỳ đấu tranh giải phóng dân tộc, sau chiến tranh thế giới đến nay của Đông Nam á. ASEAN lịch sử hình thành và phát triển...
保存先:
| その他の著者: | , , |
|---|---|
| フォーマット: | 図書 |
| 言語: | Vietnamese |
| 出版事項: |
H.
Giáo dục
1997
|
| 主題: | |
| タグ: |
タグ追加
タグなし, このレコードへの初めてのタグを付けませんか!
|
| Thư viện lưu trữ: | Mạng thư viện Đại học Đà Nẵng |
|---|
| LEADER | 01545nam a22003858a 4500 | ||
|---|---|---|---|
| 001 | 000015582 | ||
| 003 | 11965 | ||
| 005 | 20120530140523.0 | ||
| 008 | 120530s1997 b 000 0 vieod | ||
| 020 | |c 13600đ |d 2000b | ||
| 041 | 0 | |a vie | |
| 080 | |a 9(N4)(075) | ||
| 082 | |a 959 |b Lươ | ||
| 084 | |a P3(5)z7 |b L557S | ||
| 245 | 1 | 0 | |a Lược sử Đông Nam á |c Phan Ngọc Liên (ch.b), Nghiêm Đình Vỳ, Trần Thị Vinh, Đinh Ngọc Bảo |
| 260 | |a H. |b Giáo dục |c 1997 | ||
| 300 | |a 188tr |c 21cm | ||
| 520 | |a Đông Nam á như một khu vực địa lý, văn hoá, lịch sử. Thời kỳ hình thành và phát triển các quốc gia phong kiến dân tộc, thời kỳ đấu tranh giải phóng dân tộc, sau chiến tranh thế giới đến nay của Đông Nam á. ASEAN lịch sử hình thành và phát triển | ||
| 653 | |a Đông Nam á | ||
| 653 | |a sách đọc thêm | ||
| 653 | |a Lịch sử | ||
| 653 | |a ASEAN | ||
| 700 | 1 | |a Nghiêm Đình Vỳ |e Tác giả | |
| 700 | 1 | |a Trần Thị Vinh |e Tác giả | |
| 700 | 1 | |a Đinh Ngọc Bảo |e Tác giả | |
| OWN | |a LSP | ||
| AVA | |a UDN50 |b LSP |d 959 Lươ |e available |t Error 5001 Not defined in file expand_doc_bib_avail. |f 5 |g 0 |h N |i 0 |k 1 | ||
| 999 | |a From the UDN01 | ||
| AVA | |a UDN50 |b LSP |d 959 Lươ |e available |t Error 5001 Not defined in file expand_doc_bib_avail. |f 5 |g 0 |h N |i 0 |k 1 | ||
| TYP | |a Monograph | ||
| TYP | |a Printed language | ||
| 980 | |a Mạng thư viện Đại học Đà Nẵng | ||